1975 1396 1826 1362 1207 1405 1874 1783 1532 1370 1973 1068 1626 1313 1750 1332 1353 1043 1463 1625 1610 1796 1078 1962 1729 1504 1987 1918 1584 1795 1258 1057 1854 1792 1507 1987 1446 1601 1361 1135 1895 1792 1212 1495 1940 1128 1415 1810 1287 1585 1017 1912 1353 1989 1076 1804 1764 1853 1304 1771 1636 1441 1085 1319 1854 1167 1476 1335 1593 1544 1449 1640 1943 1187 1840 1489 1859 1527 1182 1317 1751 1907 1564 1055 1567 1825 1947 1227 1958 1135 1373 1273 1556 1176 1646 1774 1978 1623 1923 BCNSPRNW ULIB Ver.6.0+V

เปลี่ยนเป็นภาษาไทย

Change to English
 แสดงรายละเอียดบรรณานุกรม
  กลับหน้าหลัก

Brief Record : Get Marc (ISO 2709) : E-mail record : QR code < ปิดหน้าต่าง
LEADER : 00000nam 2200000uu 4500
001    13399128467
003     ULIB
008    230829s2023||||th 000 0 tha d
020    ^a9781975183370
060 04 ^aQV39^bN974
245 00 ^aNursing 2023 drug handbook
246 3  ^aNursing two thousand eleven drug handbook
250    ^a43th ed.
260    ^aPhiladelphia:^bWolters Kluwer,^c2023
300    ^ax, 1812 pages.
500    ^aIncludes index
650  2 ^aDrug Therapy^xnursing^vHandbooks
650  2 ^aNursing^vHandbooks
856    ^a^zContents^uhttps://drive.google.com/file/d/1nBg2BMG_tBCQ_nJbOpGnBpXiXdhxm3om/view?usp=share_link
945    ^p1820^l0^i010211
999    ^aประนอม เกษจรัล
รายการนี้ยังไม่มีแท็ก
คุณยังไม่ได้ล็อกอิน คุณสามารถมีกิจกรรมร่วมกับเว็บไซต์ได้ แต่ต้องล็อกอินก่อน ::
  ล็อกอิน

รายการสื่อสารสนเทศ

ลำดับที่ ประเภท เลขเรียก/บาร์โค้ด สถานที่ สถานะ
1. วิทยาศาสตร์การแพทย์ และสุขภาพ
หนังสือสำรอง
สถานะ=หนังสือสำรอง
QV39 N974 ฉ.1 
  Barcode: 010211
ห้องสมุดวิทยาเขตสวรรค์ประชารักษ์
►หนังสือทั่วไป
บนชั้น

รายการใกล้เคียง
    หัวเรื่อง [Nursing Handbooks]

BibComment


ยังไม่เคยถูกคอมเมนท์

คอมเมนท์ทรัพยากรรายการนี้
  คอมเมนท์: Nursing 2023 dru..


 Copyright 2026. Bcnsprnw @Library